| 000 | 01762nam a2200373 i 4500 | ||
|---|---|---|---|
| 001 | 197626 | ||
| 003 | ES-MaACL | ||
| 005 | 20250805062653.0 | ||
| 007 | ta | ||
| 008 | 980720s1998 sp | ||| ||spa | ||
| 016 | 7 |
_abimoBNE19981834398 _2SpMaBN |
|
| 017 |
_aM 8812-1998 _bOficina Depósito Legal Madrid |
||
| 020 | _a84898950157 | ||
| 035 | _a(OCoLC)733473812 | ||
| 035 | _a(SpMaBN)bimo0000937991 | ||
| 035 | _a991039754759708606 | ||
| 040 |
_aSpMaBN _bspa _cSpMaBN _erdc |
||
| 080 | _a75 Greco (064.3) | ||
| 100 |
_aPérez Sánchez, Alfonso E., _d1935-2010 _9240883 _eorm |
||
| 245 | 1 | 3 |
_aEl Greco, conocido y redescubierto : _b1998 : Fundación Fondo de Cultura de Sevilla, Hospital de los Venerables, Sevilla, marzo/abril : Fundación Central Hispano, Salas de Exposiciones, Madrid, mayo/junio : Museo de Bellas Artes de Asturias, Palacio de Velarde, Oviedo, junio/julio / _cpreparación, texto y catálogo, Alfonso E. Pérez Sánchez |
| 260 |
_aSevilla _bFundación Fondo de Cultura de Sevilla ; _aMadrid _bFundaciónCentral Hispano ; _aOviedo _bMuseo de Bellas Artes de Asturias _c[1998] |
||
| 300 |
_a91 páginas _bilustraciones a color y blanco y negro _c28 cm |
||
| 336 |
_2rdacontent _atexto |
||
| 337 |
_2rdamedia _asin mediación |
||
| 338 |
_2rdacarrier _avolumen |
||
| 600 | 0 | 4 |
_aEl Greco _946893 |
| 655 | 7 |
_2tgfbne _9193628 _aCatálogos de exposiciones |
|
| 852 |
_aES-MaACL _cDEPO1 _jA-15714 _hDonación: Fernando Codina Rodríguez _xEncuadernación rústica _9206072 |
||
| 903 |
_aCodina Rodríguez, Fernando _ednr _9238631 |
||
| 942 |
_n0 _cMONOGRAFIA |
||
| 999 |
_c197626 _d197626 |
||